Loading...
| Literature - American | 0 | 2 | 0 | 0 | 20 | 152 | 155.00 | 0 | 0 | 0.20 | 3.19 |
| Fine Arts - Painting and Sculpture | 0 | 2 | 0 | 1 | 20 | 136 | 148.00 | 0 | 0 | 0.10 | 2.12 |
| Mythology | 0 | 1 | 0 | 1 | 10 | 162 | 162.00 | 0 | 0 | 0.09 | 1.10 |
| Other Academic | 0 | 1 | 0 | 1 | 10 | 151 | 151.00 | 0 | 0 | 0.11 | 2.78 |
| Social Science | 0 | 1 | 0 | 0 | 10 | 122 | 122.00 | 0 | 0 | 0.06 | 0.51 |
| History - American | 0 | 1 | 0 | 0 | 10 | 111 | 111.00 | 0 | 0 | 1.84 | 2.56 |
| Philosophy | 0 | 1 | 0 | 0 | 10 | 141 | 141.00 | 0 | 0 | 0.05 | 1.54 |
| Science - Chemistry | 0 | 1 | 0 | 0 | 10 | 127 | 127.00 | 0 | 0 | 0.06 | 3.85 |
| Science - Physics | 0 | 0 | 0 | 0 | 0 | 0.00 | 0 | 0 | 0.00 | 0.00 | |
| Literature - World | 0 | 0 | 1 | 0 | -5 | 0.00 | 0 | 0 | 0.00 | 0.00 | |
| Other Science (Math) | 0 | 0 | 1 | 0 | -5 | 0.00 | 0 | 0 | 0.00 | 0.00 |